Computation and Simulation for Finance: An Introduction With Python (Record no. 43476)

MARC details
000 -LEADER
fixed length control field 00514nam a22001697a 4500
005 - DATE AND TIME OF LATEST TRANSACTION
control field 20250328160226.0
008 - FIXED-LENGTH DATA ELEMENTS--GENERAL INFORMATION
fixed length control field 250328b |||||||| |||| 00| 0 eng d
020 ## - INTERNATIONAL STANDARD BOOK NUMBER
International Standard Book Number 9783031605741
041 ## - LANGUAGE CODE
Language code of text/sound track or separate title eng
082 ## - DEWEY DECIMAL CLASSIFICATION NUMBER
Classification number 003.3 KEL
100 ## - MAIN ENTRY--PERSONAL NAME
Author Kelly, Cnall
245 ## - TITLE STATEMENT
Title Computation and Simulation for Finance: An Introduction With Python
260 ## - PUBLICATION, DISTRIBUTION, ETC.
Place Switzerland
Publisher Springer
Publication Year 2024
300 ## - PHYSICAL DESCRIPTION
Extent 330;. pages: 24 cm
650 ## - SUBJECT ADDED ENTRY--TOPICAL TERM
Subject Computer Simulation; Economics; Mathematical; Macroeconomics; Statistics
942 ## - ADDED ENTRY ELEMENTS (KOHA)
Koha item type Books
Holdings
Withdrawn status Lost status Source of classification or shelving scheme Damaged status Not for loan Home library Current library Shelving location Accession Date Vendor Price Bill number Total Checkouts Full call number Barcode No Date last seen Discount Bill Date Koha item type Suggested By
    Dewey Decimal Classification     IMTN IMTN Rack 1-A 03/24/2025 Raghav Books Private Limited 5591.07 2374   003.3 KEL 33764 03/28/2025 33 02/14/2025 Books Dr. Veena Pailwar
Designed & Maintained by: LRC IMT Nagpur Contact: lrc@imtnag.ac.in© 2024. All Rights Reserved.